Cement cleans up its act (Record no. 77587)

MARC details
000 -LEADER
fixed length control field 01109cab a2200193 4500
001 - CONTROL NUMBER
control field ##L134607
008 - FIXED-LENGTH DATA ELEMENTS--GENERAL INFORMATION
fixed length control field 060818n2006 000 0 eng u
035 ## - SYSTEM CONTROL NUMBER
System control number (Sirsi) u134607
041 0# - LANGUAGE CODE
Language code of text/sound track or separate title eng
100 1# - MAIN ENTRY--PERSONAL NAME
Personal name Mann, Will
245 00 - TITLE STATEMENT
Title Cement cleans up its act
260 ## - PUBLICATION, DISTRIBUTION, ETC.
Date of publication, distribution, etc. 2006
490 #0 - SERIES STATEMENT
Series statement Contract Journal
Volume/sequential designation 434(6588) 16 August 2006, 24-25(2)
520 ## - SUMMARY, ETC.
Summary, etc. The cement industry has a poor environmental record, producing between 5-10% of global carbon emissions. This article looks at the way UK cement producers are now using more environmentally friendly fuels, often based on waste products, and also developing alternative cement products, especially blended cements containing less clinker. C-Fix, a carbon-rich thermoplastic binder, made of waste materials from the oil distilling process, is poised to break into the UK market, having already been used on a number of projects in Europe.
590 ## - LOCAL NOTE (RLIN)
Local note IKA220806
651 #4 - SUBJECT ADDED ENTRY--GEOGRAPHIC NAME
Geographic name United Kingdom
Chronological subdivision
690 ## - LOCAL SUBJECT ADDED ENTRY--TOPICAL TERM (OCLC, RLIN)
Topical term or geographic name as entry element BUILT ENVIRONMENT-BUILDING MATERIALS-CEMENTITIOUS, CONCRETE AND MINERAL BOUND MATERIALS-CEMENTITIOUS MATERIALS AND BINDERS
942 ## - ADDED ENTRY ELEMENTS (KOHA)
Suppress in OPAC 0
Holdings
Withdrawn status Lost status Source of classification or shelving scheme Damaged status Not for loan Home library Current library Shelving location Date acquired Total Checkouts Full call number Barcode Date last seen Copy number Price effective from Koha item type
    Dewey Decimal Classification     London London Journal article 18/08/2006   L134607 134607-1001 06/08/2019 1 06/08/2019 Journal article